Cartagena de Indias en el Siglo XVI / (Registro nro. 6359)

Detalles MARC
000 -LEADER
fixed length control field 01565nam a2200313Ia 4500
003 - CONTROL NUMBER IDENTIFIER
control field OSt
005 - DATE AND TIME OF LATEST TRANSACTION
control field 20201022170221.0
008 - FIXED-LENGTH DATA ELEMENTS--GENERAL INFORMATION
fixed length control field 191128s2010 ck aodbfr 000 0 spa d
020 ## - INTERNATIONAL STANDARD BOOK NUMBER
International Standard Book Number 9789586642330
040 ## - CATALOGING SOURCE
Original cataloging agency CO-JMCR
Transcribing agency CO-JMCR
041 0# - LANGUAGE CODE
Language code of text/sound track or separate title spa
082 04 - DEWEY DECIMAL CLASSIFICATION NUMBER
Classification number 986.11401 /
Item number C169c
Edition number 23
100 1# - MAIN ENTRY--PERSONAL NAME
Personal name Calvo Stevenson, Haroldo,
Relator term editor
9 (RLIN) 10914
245 10 - TITLE STATEMENT
Title Cartagena de Indias en el Siglo XVI /
Statement of responsibility, etc. Haroldo Calvo Stevenson y Adolfo Meisel Roca, editores
250 ## - EDITION STATEMENT
Edition statement Primera edición
260 ## - PUBLICATION, DISTRIBUTION, ETC.
Place of publication, distribution, etc. Cartagena :
Name of publisher, distributor, etc. Banco de la República,
Date of publication, distribution, etc. 2010
300 ## - PHYSICAL DESCRIPTION
Extent 318 páginas :
Other physical details ilustraciones, fotografías, gráficos y mapas ;
Dimensions 23 cm.
500 ## - GENERAL NOTE
General note Incluye notas a pie de página.
504 ## - BIBLIOGRAPHY, ETC. NOTE
Bibliography, etc. note Bibliografía al final de cada capítulo.
505 0# - FORMATTED CONTENTS NOTE
Formatted contents note El mundo indígena -- Cartografía -- Economía y piratearía -- Población y sociedad -- Literatura -- Mesa redonda
520 3# - SUMMARY, ETC.
Summary, etc. Este libro recoge los trabajos y comentarios presentados en el VI simposio sobre la historia de Cartagena: la ciudad en el siglo XVI, organizado por el área cultural del Banco de la República y llevado a cabo entre el 14 y 15 de septiembre de 2006
650 14 - SUBJECT ADDED ENTRY--TOPICAL TERM
Topical term or geographic name entry element Cartagena (Colombia)
General subdivision 1808-1821
9 (RLIN) 10915
650 14 - SUBJECT ADDED ENTRY--TOPICAL TERM
Topical term or geographic name entry element Economía
Chronological subdivision Siglo XVI
Geographic subdivision Cartagena (Colombia)
9 (RLIN) 11851
650 14 - SUBJECT ADDED ENTRY--TOPICAL TERM
Topical term or geographic name entry element Piratas
General subdivision historia
Chronological subdivision Siglo XVI
Geographic subdivision Cartagena (Colombia)
9 (RLIN) 11852
651 #4 - SUBJECT ADDED ENTRY--GEOGRAPHIC NAME
Geographic name Cartagena (Colombia)
General subdivision vida social y costumbres
Geographic subdivision Siglo XVI
9 (RLIN) 11853
651 #4 - SUBJECT ADDED ENTRY--GEOGRAPHIC NAME
Geographic name Cartagena (Colombia)
General subdivision población
-- historia
Geographic subdivision Siglo XVI
9 (RLIN) 11854
700 1# - ADDED ENTRY--PERSONAL NAME
Personal name Meisel Roca, Adolfo,
Relator term editor
9 (RLIN) 7353
942 ## - ADDED ENTRY ELEMENTS (KOHA)
Source of classification or shelving scheme Dewey Decimal Classification
Koha item type Books
Existencias
Withdrawn status Lost status Source of classification or shelving scheme Damaged status Not for loan Collection code Home library Current library Date acquired Source of acquisition Full call number Barcode Date last seen Copy number Koha item type
    Dewey Decimal Classification     Non-fiction Biblioteca Pública José María del Castillo y Rada Biblioteca Pública José María del Castillo y Rada 04/15/2018 Donación 986.11401 / C169c 430013142 05/16/2024 Ej.1 Books